=LDR 00000nam 2200000 4500 =001 INLIS000000000023080 =005 20130612121754 =008 ***********************************Ind** =035 ##$$0010-061300000023080 =041 ##$$a Ind =082 ##$$a 330.076 =090 ##$$a 330.076, Yul c =100 ##$$a Yulianto, Sarno =245 ##$$a IPS ekonomi untuk kelas 1 SLTP catur wulan 1 berdasarkan kurikulum pendidikan dasr 1994 GBPP SLTP, Sarno =260 ##$$a 1994 $b Surakarta =300 ##$$a '; ...hlm, 27 cm =650 ##$$a Ekonomi - studi dan pengajaran =850 ##$$a NBPNMAT